Critical Gaps in Environmental Performance of the Slovak Republic

Vplyv environmentálneho výkonu na ekonomický rozvoj. Medzery v environmentálnych výkonoch na Slovensku. Prísnosť environmentálnej politiky - index OECD (Environmental Policy Stringency Index). Vývoj tohto indexu v období 1990-2012. Environmentálna výkonnosť, environmentálne opatrenia.

Salvato in:
Dettagli Bibliografici
Autore principale: Dziura, Boris, 1976-
Natura: Capitolo di libro
Lingua:inglese
Soggetti:
Tags: Aggiungi Tag
Nessun Tag, puoi essere il primo ad aggiungerne!!

MARC

LEADER 00000naa$a2200000$$$4500
001 0251920
005 20240502083721.2
041 0 |a eng 
044 |a RS 
245 1 0 |a Critical Gaps in Environmental Performance of the Slovak Republic  |c Boris Dziura 
520 |a Vplyv environmentálneho výkonu na ekonomický rozvoj. Medzery v environmentálnych výkonoch na Slovensku. Prísnosť environmentálnej politiky - index OECD (Environmental Policy Stringency Index). Vývoj tohto indexu v období 1990-2012. Environmentálna výkonnosť, environmentálne opatrenia. 
610 2 0 |a rozvoj hospodársky 
610 2 0 |a úroveň rozvoja hospodárskeho 
610 2 0 |a rozvoj trvalo udržateľný 
610 2 0 |a politika environmentálna 
610 2 0 |a záťaže environmentálne 
610 2 0 |a prostredie životné 
610 2 0 |a výkonnosť 
610 2 0 |a meranie výkonnosti 
610 2 0 |a Slovensko 
610 2 0 |a OECD 
610 2 0 |a znečistenie vôd 
610 2 0 |a znečistenie ovzdušia 
610 2 0 |a znečistenie pôdy 
610 2 0 |a hospodárstvo odpadové 
610 2 0 |a voda odpadová 
610 2 0 |a zdroje energetické 
610 2 0 |a emisie 
610 2 0 |a podnebie 
610 2 0 |a zmeny klimatické 
100 1 |a Dziura, Boris, 1976-